00666cam a2200229 a 4500001000800000005001700008008004100025010001700066020004300083020003900126040001800165041000800183042000900191043001200200080002400212082002800236100000700264101000800271245004200279246005100321504006400372348821320180214044757.0940825s1995 nyuab j b 001 0 eng  a 94033526  a0195081420 (lib. ed. : acidfree paper) a0195088301 (ser. : acidfree paper) aDLCcDLCdDLC aeng alcac an-us--- a973..04970082 dem00a973..04970082 dem2201 a16 ahis14aThe tried and the true :cJohn Demos.30aNative American women confronting colonization aIncludes bibliographical references (p. 106-107) and index.